| Tag |
First Indicator |
Second Indicator |
Subfields |
| LEADER |
00000cam a2200000 4500 |
| 001 |
in00003875430 |
| 005 |
20190415192456.0 |
| 006 |
m o d |
| 007 |
cr |n||||||||n |
| 008 |
820915s1792 xxu|||| o 00| | eng c |
| 035 |
|
|
|a (CU-RivES)W14027
|
| 035 |
|
|
|a (Uk-ES)006431623
|
| 035 |
|
|
|a (OCoLC)511013252
|
| 040 |
|
|
|a MWA
|c MWA
|d CU-RivES
|d CStRLIN
|d Cengage Gale
|d UtOrBLW
|
| 050 |
|
4 |
|a E211
|b .P356 1792
|
| 100 |
1 |
|
|a Paine, Thomas,
|d 1737-1809.
|0 http://id.loc.gov/authorities/names/n79021666
|
| 245 |
1 |
0 |
|a Letters, by the author of Common sense :
|b First, to the Earl of Shelburne, now Marquis of Lansdowne, on the subject of American independence. Second, to Sir Guy Carlton, now Lord Dorchester, on the murder of Captain Huddy. Third, to the authors of "The Republican," a French paper; tendering his services in support of the Republican system. Fourth, to the Abbe Syeyes, a member of the French National Assembly; accepting the Abbe's challenge on the subject of government, by offering to defend the republican against the monarchical system.
|
| 264 |
|
3 |
|a Albany :
|b Printed by Charles R. and George Webster, numbers 46, State-Street, corner of Middle-Lane,
|c M.DCC.XCII. [1792]
|
| 300 |
|
|
|a 1 online resource (24 pages)
|
| 336 |
|
|
|a text
|b txt
|2 rdacontent
|
| 337 |
|
|
|a computer
|b c
|2 rdamedia
|
| 338 |
|
|
|a online resource
|b cr
|2 rdacarrier
|
| 500 |
|
|
|a Issued as part of the several Albany issues of "The writings, of Thomas Paine" (Evans 24658, Evans 27466, Bristol B8098, Bristol B8784, and an unrecorded issue). Evidently not issued separately.
|
| 509 |
|
|
|a Signatures: [P]⁴ Q-R⁴. Signed continuously with Paine's "Letter addressed to the Abbe Raynal," which precedes this title in the collection
|
| 510 |
4 |
|
|a Evans,
|c 24658
|
| 510 |
4 |
|
|a Evans,
|c 27466
|
| 510 |
4 |
|
|a Bristol,
|c B8098
|
| 510 |
4 |
|
|a Shipton and Mooney,
|c 46536
|
| 510 |
4 |
|
|a Bristol,
|c B8784
|
| 510 |
4 |
|
|a Shipton and Mooney,
|c 47149
|
| 510 |
4 |
|
|a English Short Title Catalog,
|c W14027.
|
| 500 |
|
|
|a Reproduction of original from Library of Congress.
|
| 500 |
|
|
|a Electronic resource.
|
| 600 |
1 |
0 |
|a Huddy, Joshua,
|d -1782.
|0 http://id.loc.gov/authorities/names/n94123731
|
| 650 |
|
0 |
|a Political science.
|0 http://id.loc.gov/authorities/subjects/sh85104440
|
| 651 |
|
0 |
|a United States
|x Politics and government
|y 1775-1783.
|0 http://id.loc.gov/authorities/subjects/sh85140413
|
| 651 |
|
0 |
|a United States
|x History
|y Revolution, 1775-1783
|x Prisoners and prisons.
|0 http://id.loc.gov/authorities/subjects/sh85140173
|
| 651 |
|
0 |
|a Great Britain
|x Politics and government
|y 1760-1820.
|0 http://id.loc.gov/authorities/subjects/sh85056908
|
| 655 |
|
7 |
|a Electronic books.
|2 local
|
| 700 |
1 |
|
|a Webster, Charles Richard,
|d 1762-1834,
|e printer.
|0 http://id.loc.gov/authorities/names/n88240961
|
| 700 |
1 |
|
|a Webster, George,
|d 1762-1823,
|e printer.
|0 http://id.loc.gov/authorities/names/nr89016781
|
| 710 |
2 |
|
|a Gale (Firm)
|0 http://id.loc.gov/authorities/names/no2008071348
|
| 752 |
|
|
|a United States
|b New York
|d Albany.
|
| 856 |
4 |
0 |
|u http://proxy.library.tamu.edu/login?url=http://find.galegroup.com/ecco/infomark.do?contentSet=ECCOArticles&docType=ECCOArticles&bookId=1353600400&type=getFullCitation&tabID=T001&prodId=ECCO&docLevel=TEXT_GRAPHICS&version=1.0&source=library&userGroupName=txshracd2898
|z Connect to the full text of this electronic book
|t 0
|
| 999 |
f |
f |
|s cbbc3f02-b01f-3c75-bdaf-49ba9c9d0e20
|i f2d052d1-b870-32fa-a8fe-93cb6b255839
|t 0
|
| 952 |
f |
f |
|a Texas A&M University
|b College Station
|c Electronic Resources
|d Available Online
|t 0
|e E211 .P356 1792
|h Library of Congress classification
|
| 998 |
f |
f |
|a E211 .P356 1792
|t 0
|l Available Online
|